000 00664cam a2200229Ia 4500
020 _a0316353000
020 _a9780316353007
040 _cCUT
082 _a338 LIT 2000 A117 Or.
100 1 _aHawken, Paul.
245 1 0 _aNatural capitalism :
_bcreating the next industrial revolution /
250 _a1st Back Bay pbk. ed.
260 _aBoston :
_bLittle, Brown and Co.,
_c2000.
300 _axix, 396 p. :
_bill. ;
_c24 cm.
500 _a"A Back Bay book"--P. [4] of cover.
650 0 _aEconomic forecasting
650 0 _aCapitalism
650 0 _aTwenty-first century
700 1 _aLovins, Amory B.,
700 1 _aLovins, L. Hunter,
942 _cAEDBB
999 _c17579
_d17579